000 00955nam a22001097a 4500
008 170102b xxu||||| |||| 00| 0 eng d
100 _aTrepel, Scott
245 _aRarity revealed
_bthe Benjamin K. Miller Collection
260 _aWashington, DC
_bSmithsonian National Postal Museum ; [New York] : The New York Public Library,
_c2006
650 _aUnited States | Famous Stamps and Collections | Rare Issues and Covers | Errors and Varieties | Collections | Miller, Benjamin K., Jr. 1857-1928. | Exhibitions -- Catalogs and Publications | Philately -- History | Theft | Stamps -- Histories | 19th Century | 20th Century | Production | Grills | One cent Z Grill -- 1868 | 1 cent Z Grill -- 1868 | Classic Issues | Definitive Issues | Bank Note Issues | Reissues and Reprints | Essays and Proofs | Plate Blocks and Numbers | Carrier Issues | Air Mail | 1918 | Covers | Commemorative Issues | Coils | Institutional Collections | Collectors
700 _aLawrence, Ken
999 _c2177
_d2177